| 000 | 00346nam a2200133Ia 4500 | ||
|---|---|---|---|
| 008 | 240624s9999 xx 000 0 und d | ||
| 041 | _aeng | ||
| 082 | _a338.4 ALL | ||
| 100 | _aALLEN LAWRENCE L | ||
| 245 | _aCHOCOLATE FORTUNES THE BATTLE FOR THE HE | ||
| 260 |
_c2010 _aUnited Kingdom _bAmacom |
||
| 300 | _axi, 244 p.; 23 cm. | ||
| 365 |
_c _b30 |
||
| 999 |
_c30277 _d30277 |
||